Art Documentation: Journal of the Art Libraries Society of North America

محفوظ في:

التنسيق: دورية

اللغة: Undetermined

منشور في: JSTOR
The University of Chicago Press

الموضوعات:

الوصول للمادة أونلاين: Login to view Source

الوسوم: إضافة وسم

لا توجد وسوم, كن أول من يضع وسما على هذه التسجيلة!

رقم الطلب:

LEADER 00615nas a2200193Ia 4500
008 220214c99999999xx |||||||||||| ||und||
022 |a 0730-7187 
022 |a 2161-9417 
245 0 0 |a Art Documentation: Journal of the Art Libraries Society of North America 
264 1 |b JSTOR 
264 1 |b The University of Chicago Press 
362 0 |a Vol. 1(1982)-34 (2015) 
653 1 0 |a Arts 
653 1 0 |a Humanities 
653 1 0 |a Museum Studies 
856 4 0 |u https://www.jstor.org/journal/artdocumentation 
942 |c JL 
952 |0 0  |1 0  |4 0  |7 1  |9 34044  |a JSR  |b JSR  |d 2022-02-14  |l 0  |r 2022-02-14 00:00:00  |w 2022-02-14  |y JL 
999 |c 42377  |d 42377